[Event "Vladimir Petrov Memorial blitz op"]
[Site "Jurmala"]
[Date "2015.03.06"]
[Round "1"]
[White "Shirov, Alexei"]
[Black "Kovpak, Igor"]
[Result "1-0"]
[WhiteElo "2691"]
[BlackElo "1914"]
[PlyCount "35"]
[EventDate "2015.03.06"]
[EventType "swiss (blitz)"]
[EventRounds "10"]
[EventCountry "LAT"]
[SourceTitle "CBM 165 Extra"]
[Source "ChessBase"]
[SourceDate "2015.04.21"]
[SourceVersion "1"]
[SourceVersionDate "2015.04.21"]
[SourceQuality "1"]

1. d4 d5 2. c4 c6 3. Nf3 Nf6 4. e3 e6 5. Nbd2 Bb4 6. a3 Bxd2+ 7. Bxd2 Nbd7 8. Bd3 0-0 9. 0-0 c5 10. cxd5 Nxd5 11. e4 N5f6 12. e5 Nd5 13. Bxh7+ Kh8 14. Be4 f5 15. Ng5 N7f6 16. Bxd5 Qxd5 17. exf6 Rxf6 18. Qh5+ 1-0

[Event "Palanga Baltija op-A"]
[Site "Palanga"]
[Date "2014.06.18"]
[Round "4"]
[White "Vaskevicius, Augustas"]
[Black "Kovpak, Igor"]
[Result "1-0"]
[WhiteElo "1600"]
[BlackElo "1966"]
[PlyCount "101"]
[EventDate "2014.06.16"]
[EventType "swiss"]
[EventRounds "9"]
[EventCountry "LTU"]
[SourceTitle "CBM 161 Extra"]
[Source "ChessBase"]
[SourceDate "2014.08.29"]
[SourceVersion "1"]
[SourceVersionDate "2014.08.29"]
[SourceQuality "1"]

1. d4 d5 2. Nf3 Nf6 3. Bf4 e6 4. e3 Bb4+ 5. c3 Be7 6. Bd3 Nh5 7. Bg3 Nd7 8. Nbd2 c6 9. c4 h6 10. 0-0 Nxg3 11. hxg3 Nf6 12. Ne5 0-0 13. c5 Qc7 14. f4 b6 15. b4 bxc5 16. bxc5 a5 17. Qa4 Ba6 18. Bxa6 Rxa6 19. g4 Nd7 20. Nxd7 Qxd7 21. Nf3 f6 22. Rab1 Qc7 23. Qb3 Rfa8 24. a4 R6a7 25. Qd3 Rb8 26. Rxb8+ Qxb8 27. Qg6 Rb7 28. g5 hxg5 29. fxg5 e5 30. gxf6 Bxf6 31. dxe5 Rf7 32. Ng5 Bxg5 33. Qxf7+ Kh8 34. Qf8+ Qxf8 35. Rxf8+ Kh7 36. Kf2 Be7 37. Rc8 Bxc5 38. Rxc6 Bb4 39. Ke2 g6 40. Kd3 Kh6 41. Kd4 Kh5 42. Kxd5 g5 43. e6 Kg4 44. Rc4+ Kg3 45. Rxb4 axb4 46. e7 Kxg2 47. e8Q g4 48. Qb5 g3 49. Qxb4 Kh2 50. Qh4+ Kg2 51. Qxg3+ 1-0

[Event "Palanga Baltija op-A"]
[Site "Palanga"]
[Date "2014.06.16"]
[Round "1"]
[White "Kovpak, Igor"]
[Black "Maciuityte, Greta"]
[Result "1-0"]
[WhiteElo "1966"]
[BlackElo "1615"]
[PlyCount "55"]
[EventDate "2014.06.16"]
[EventType "swiss"]
[EventRounds "9"]
[EventCountry "LTU"]
[SourceTitle "CBM 161 Extra"]
[Source "ChessBase"]
[SourceDate "2014.08.29"]
[SourceVersion "1"]
[SourceVersionDate "2014.08.29"]
[SourceQuality "1"]

1. d4 c5 2. d5 f5 3. g4 fxg4 4. e4 d6 5. h3 Nf6 6. Nc3 g6 7. hxg4 Bxg4 8. f3 Bc8 9. Nh3 Nh5 10. Bb5+ Nd7 11. Ng5 a6 12. Rxh5 axb5 13. Rxh7 Rxh7 14. Nxh7 b4 15. Nxf8 Nxf8 16. Ne2 Bd7 17. Bg5 Nh7 18. Qd2 Qa5 19. Bh4 b5 20. c3 b3 21. a3 b4 22. a4 Bb5 23. cxb4 cxb4 24. Nd4 Bxa4 25. Qh6 Nf8 26. Bxe7 Qc5 27. Qxf8+ Kd7 28. Qxa8 1-0

[Event "Kolomna-ch final 59th"]
[Site "Kolomna"]
[Date "2009.02.15"]
[Round "11"]
[White "Gurov, Rodion"]
[Black "Kovpak, Igor"]
[Result "1-0"]
[WhiteElo "2042"]
[BlackElo "2091"]
[PlyCount "75"]
[EventDate "2009.01.08"]
[EventType "tourn"]
[EventRounds "13"]
[EventCountry "RUS"]
[SourceTitle "EXT 2022"]
[Source "ChessBase"]
[SourceDate "2021.10.06"]
[SourceVersion "1"]
[SourceVersionDate "2021.10.06"]
[SourceQuality "1"]

1. d4 c6 2. c4 d5 3. Nf3 Nf6 4. Qc2 dxc4 5. Qxc4 Bf5 6. g3 e6 7. Bg2 Nbd7 8. 0-0 Be7 9. Nc3 0-0 10. a4 Nb6 11. Qb3 a5 12. Re1 Bb4 13. Bg5 h6 14. Bxf6 Qxf6 15. e4 Bh7 16. Rad1 Rad8 17. Re2 Kh8 18. Na2 Qe7 19. Nxb4 Qxb4 20. Qxb4 axb4 21. b3 c5 22. a5 Nc8 23. Red2 Na7 24. dxc5 Rxd2 25. Rxd2 Bxe4 26. Ne5 Bxg2 27. Kxg2 Nc6 28. Nxc6 bxc6 29. a6 Ra8 30. Ra2 Ra7 31. Kf3 Kg8 32. Ke4 f6 33. Kd4 Kf7 34. Kc4 Kg6 35. Kxb4 Kf5 36. Ka5 Ke4 37. Kb6 Rd7 38. a7 1-0

[Event "Kolomna-ch final 59th"]
[Site "Kolomna"]
[Date "2009.02.04"]
[Round "8"]
[White "Polikushin, Viktor"]
[Black "Kovpak, Igor"]
[Result "1-0"]
[WhiteElo "1994"]
[BlackElo "2091"]
[PlyCount "143"]
[EventDate "2009.01.08"]
[EventType "tourn"]
[EventRounds "13"]
[EventCountry "RUS"]
[SourceTitle "EXT 2022"]
[Source "ChessBase"]
[SourceDate "2021.10.06"]
[SourceVersion "1"]
[SourceVersionDate "2021.10.06"]
[SourceQuality "1"]

1. c4 c5 2. Nc3 Nc6 3. g3 g6 4. Bg2 Bg7 5. d3 Nf6 6. Bd2 0-0 7. Qc1 Re8 8. a3 e6 9. Bg5 Ne7 10. Nf3 d5 11. 0-0 d4 12. Na4 Nd7 13. b4 Qc7 14. Rb1 Rb8 15. Rb3 b6 16. Nb2 Bb7 17. Re1 e5 18. Bh6 Bh8 19. Nd1 Nf5 20. Bg5 f6 21. Bd2 e4 22. dxe4 Bxe4 23. Bf4 Nd6 24. h4 Ne5 25. Nb2 Qc6 26. Nxe5 fxe5 27. Bxe4 Nxe4 28. Bh6 Qe6 29. Kg2 Nd6 30. b5 e4 31. Bf4 Rb7 32. a4 Rf7 33. Rf1 Ref8 34. f3 Nf5 35. Rh1 exf3+ 36. exf3 Qe2+ 37. Kh3 Re8 38. Rh2 Qe6 39. Kg2 Qe2+ 40. Kh3 Qe1 41. Qxe1 Rxe1 42. Ra3 Ne3 43. Nd3 Rf1 44. Rf2 Rxf2 45. Nxf2 Nc2 46. Rd3 Nb4 47. Ra3 Re7 48. Ne4 Be5 49. Bg5 Re6 50. a5 Bc7 51. axb6 Bxb6 52. Bd2 Nc2 53. Ra2 Ne3 54. Bxe3 dxe3 55. Re2 h6 56. Rxe3 Kf7 57. Rd3 Ke7 58. Rd5 Kf7 59. g4 Rxe4 60. fxe4 Ke6 61. h5 g5 62. Rf5 Ke7 63. Kg3 Ke6 64. Kf3 Ke7 65. e5 Ke6 66. Ke4 Bd8 67. Rf8 Ke7 68. Rh8 Bb6 69. Rxh6 Kf7 70. Kf5 Kg7 71. Rg6+ Kh7 72. Rxg5 1-0

[Event "Kolomna City-ch"]
[Site "Kolomna"]
[Date "2008.01.20"]
[Round "5"]
[White "Velikanov, Igor"]
[Black "Kovpak, Igor"]
[Result "1-0"]
[WhiteElo "2248"]
[BlackElo "2011"]
[PlyCount "50"]
[EventDate "2008.01.08"]
[EventType "tourn"]
[EventRounds "15"]
[EventCountry "RUS"]
[SourceTitle "EXT 2009"]
[Source "ChessBase"]
[SourceDate "2008.11.26"]
[SourceVersion "1"]
[SourceVersionDate "2008.11.26"]
[SourceQuality "1"]

1. e4 b6 2. d4 e6 3. Nf3 Bb7 4. Bd3 d6 5. 0-0 g6 6. Qe2 Bg7 7. c3 Nd7 8. Bg5 Ne7 9. Nbd2 0-0 10. Qe3 Re8 11. Rad1 f6 12. Bh6 Bh8 13. Qf4 e5 14. dxe5 Nxe5 15. Nxe5 fxe5 16. Qg3 Bg7 17. Bc4+ Kh8 18. Bxg7+ Kxg7 19. f4 Nc6 20. f5 g5 21. h4 h6 22. f6+ Kh7 23. hxg5 Rg8 24. Bxg8+ Qxg8 25. f7 Qg7 1-0

[Event "Kolomna City-ch"]
[Site "Kolomna"]
[Date "2008.01.16"]
[Round "4"]
[White "Kovpak, Igor"]
[Black "Ivanov, Yuriy"]
[Result "1-0"]
[WhiteElo "2011"]
[BlackElo "2057"]
[PlyCount "53"]
[EventDate "2008.01.08"]
[EventType "tourn"]
[EventRounds "15"]
[EventCountry "RUS"]
[SourceTitle "EXT 2009"]
[Source "ChessBase"]
[SourceDate "2008.11.26"]
[SourceVersion "1"]
[SourceVersionDate "2008.11.26"]
[SourceQuality "1"]

1. d4 d5 2. c4 c6 3. Nc3 e6 4. e3 f5 5. Nf3 Nf6 6. Be2 Bd6 7. c5 Bc7 8. b4 0-0 9. a4 a6 10. Bb2 Bd7 11. Ne5 Be8 12. 0-0 Nbd7 13. Nd3 e5 14. dxe5 Nxe5 15. Nf4 Bf7 16. Qc2 Qd7 17. Rad1 g5 18. Nh3 Neg4 19. Nxg5 Bxh2+ 20. Kh1 Bg6 21. Bf3 f4 22. e4 Qe7 23. Qe2 h5 24. exd5 Nxd5 25. Bxd5+ cxd5 26. Qxe7 Rae8 27. Qxb7 1-0

[Event "Kolomna-ch sf-B 58th"]
[Site "Kolomna"]
[Date "2007.10.10"]
[Round "1"]
[White "Kovpak, Igor"]
[Black "Nikitin, Victor Alekseevich"]
[Result "0-1"]
[WhiteElo "1991"]
[BlackElo "2054"]
[PlyCount "94"]
[EventDate "2007.10.10"]
[EventType "tourn"]
[EventRounds "9"]
[EventCountry "RUS"]
[SourceTitle "EXT 2022"]
[Source "ChessBase"]
[SourceDate "2021.10.06"]
[SourceVersion "1"]
[SourceVersionDate "2021.10.06"]
[SourceQuality "1"]

1. d4 f5 2. c4 Nf6 3. g3 d5 4. Bg2 e6 5. Nc3 c6 6. Nf3 Bb4 7. 0-0 0-0 8. a3 Bxc3 9. bxc3 Ne4 10. Qb3 Qa5 11. Bb2 Nd7 12. cxd5 exd5 13. Rfd1 g5 14. Nd2 Rf7 15. f3 Ndc5 16. Qc2 Nxd2 17. Qxd2 Nb3 18. Qxg5+ Rg7 19. Qh5 Be6 20. Rab1 b5 21. e4 Rf8 22. exd5 Bxd5 23. f4 Qd8 24. Qe2 Re7 25. Bxd5+ cxd5 26. Qxb5 Na5 27. a4 Rb7 28. Qa6 Rf6 29. Qd3 Nc4 30. Ba1 Rxb1 31. Rxb1 Qd7 32. Rb8+ Kg7 33. Qb1 Rb6 34. Rxb6 axb6 35. Qc2 Kf6 36. Kf2 Qe8 37. Bb2 Qe3+ 38. Kg2 Nd2 39. Qd1 Ne4 40. Ba3 Qf2+ 41. Kh3 Qa2 42. Qc1 Nf2+ 43. Kh4 Nd3 44. Be7+ Kg6 45. Qg1 Qe2 46. g4 Qxe7+ 47. Kh3 Nxf4+ 0-1